000 00487nam a2200169 i 4500
001 150101
003 ES-MaACL
005 20230906203358.0
007 t|
008 071026s1971 sp ||||1| spa d
100 1 _aValls Gorina, Manuel.
_9112941
245 1 0 _aDiccionario de la música /
_cManuel Valls Gorina.
260 _aMadrid :
_bAlianza Editorial,
_c[1971]
300 _a242 p. ;
_c18 cm.
650 1 4 _aMúsica-
_vDiccionarios.
_915382
852 _aES-MaACL
_jC-47570
_bR.78974
999 _c150101
_d150101